| 000 | 00458nam a2200193Ia 4500 | ||
|---|---|---|---|
| 008 | 210210b1964 xxu||||| |||| 00| 0 eng d | ||
| 041 | _aeng | ||
| 082 | _a333/70 | ||
| 100 | _aPARANJAPE (H K) | ||
| 245 | _aPlanning commission: A descriptive account | ||
| 260 |
_aNew Delhi _b- _c1964 |
||
| 650 | _aPlanning | ||
| 650 | _adescriptive | ||
| 650 | _acommission: | ||
| 650 | _aaccount | ||
| 650 | _aA | ||
| 690 | _aEconomic Planning | ||
| 906 | _a004242 | ||
| 999 |
_c123692 _d123692 |
||